000 00553nam a22001697a 4500
005 20260218150549.0
008 260218b |||||||| |||| 00| 0 eng d
020 _a9789393875099
040 _cVITAP
082 _223rd Ed.
_a294.56 HIN
100 _aThe Hindu Group
_917059
245 _aWho Am I ? Bhagavan Sri Ramana Maharshi (1879-1950)
_c/ The Hindu Group
260 _aChennai
_bTHG (The Hindu Group) Publishing Private Limited
_c2023
300 _a190p. : ill. ; 30cm
650 0 _aRamana Maharshi; Who I Am; Maharshi
_917109
942 _2ddc
_cREF
999 _c47287
_d47287